Simulácia tepelného spracovania prostredníctvom vysokokoncentrovaných zdrojov energie : Diplomová práca

Salvato in:
Dettagli Bibliografici
Autore principale: Opavský, Rudolf (Autore)
Altri autori: Golian, Ivan (xxx)
Natura: Manoscritto Libro
Lingua:slovacco
Pubblicazione: Trnava : STU v Bratislave MtF KAIA, 1994
Soggetti:
Tags: Aggiungi Tag
Nessun Tag, puoi essere il primo ad aggiungerne!!

MARC

LEADER 00000ntm a22000003a 4500
001 stu61136
005 20160719155117.0
008 010907s1994----xo------------------slo-d
040 |a STU  |b slo 
041 0 |a slo 
044 |a xo 
100 1 |a Opavský, Rudolf  |4 aut 
245 1 |a Simulácia tepelného spracovania prostredníctvom vysokokoncentrovaných zdrojov energie :  |b Diplomová práca 
260 |a Trnava :  |b STU v Bratislave MtF KAIA,  |c 1994 
300 |a 56 s  |c výťah 
650 7 |a Spracovanie tepelné-simulácia  |2 stusub 
650 7 |a metóda konečných prvkov  |2 stusub 
650 7 |a Automatizácia a robototechnológia  |2 stusub 
700 1 |a Golian, Ivan  |4 xxx 
996 |b 284M033170  |c M*DP-1329  |l MMSKP  |s P  |a 0  |w stu61136_0001